000 00356nam a2200109Ia 4500
008 220204s9999 xx 000 0 und d
082 _a338.43.02(548)
_bHAR
100 _aHarriss-White, Barbara
245 0 _aPolitical economy of agricultural markets in South India : Masters of the country side
260 _aNew Delhi
_bSage Publications
_c1996
942 _cBK
999 _c41036
_d41036